Телефонные переговоры на английском языке: учебное пособие для вузов

Bibliographic Details
Main Author: Метласова Т. М.
Other Authors: Федорова Е. Ю.
Summary:Цель данного учебного пособия - научить грамотно вести телефонные переговоры на английском языке. Благодаря данной книге общение с менеджером по кадрам, бронирование билетов и мест в гостинице, заказ товаров и услуг, а также первичное общение с врачом по телефону станут понятными и простыми. Подготовиться к телефонному разговору помогут разнообразные упражнения, грамматический справочник, подробный словарь который приводится в конце каждого раздела, а также лингвострановедческий справочник. Книга будет интересна и полезна всем, кто по рабочей необходимости должен вести телефонные переговоры на английском языке, а также для всех, кто хочет научиться свободно общаться на английском языке по телефону.
Language:Russian
English
Published: Москва, Эксмо, 2009
Series:Иностранный для бизнеса Business English
Subjects:
Format: Book
KOHA link:https://koha.lib.tpu.ru/cgi-bin/koha/opac-detail.pl?biblionumber=185031

MARC

LEADER 00000nam0a2200000 4500
001 185031
005 20231101223905.0
010 |a 9785699282364 
035 |a (RuTPU)RU\TPU\book\200673 
090 |a 185031 
100 |a 20100929d2009 m y0rusy50 ca 
101 0 |a rus  |a eng 
102 |a RU 
105 |a y j 000zy 
200 1 |a Телефонные переговоры на английском языке  |e учебное пособие для вузов  |f Т. М. Метласова, Е. Ю. Федорова 
210 |a Москва  |c Эксмо  |d 2009 
215 |a 256 с. 
225 1 |a Иностранный для бизнеса  |d Business English 
330 |a Цель данного учебного пособия - научить грамотно вести телефонные переговоры на английском языке. Благодаря данной книге общение с менеджером по кадрам, бронирование билетов и мест в гостинице, заказ товаров и услуг, а также первичное общение с врачом по телефону станут понятными и простыми. Подготовиться к телефонному разговору помогут разнообразные упражнения, грамматический справочник, подробный словарь который приводится в конце каждого раздела, а также лингвострановедческий справочник. Книга будет интересна и полезна всем, кто по рабочей необходимости должен вести телефонные переговоры на английском языке, а также для всех, кто хочет научиться свободно общаться на английском языке по телефону. 
606 1 |a Английский язык  |x Учебные руководства и пособия  |x Пособия по развитию речи, разговорники  |2 stltpush  |3 (RuTPU)RU\TPU\subj\29074  |9 52486 
610 1 |a деловое общение 
610 1 |a устная речь 
610 1 |a устно-речевое общение 
610 1 |a телефонные переговоры 
610 1 |a бизнес 
686 |a Ш143.21-923.4  |v LBC/SL-A  |2 rubbk 
700 1 |a Метласова  |b Т. М. 
701 1 |a Федорова  |b Е. Ю. 
801 1 |a RU  |b 63413507  |c 20100929 
801 2 |a RU  |b 63413507  |c 20110412  |g RCR 
942 |c BK 
959 |a 65/20100929  |d 1  |e 92,31  |f ЧЗИЛ:1